000 00436nam a22001817a 4500
003 MPLRDC
005 20220104113516.0
008 210129b ||||| |||| 00| 0 eng d
082 _a857.63 GYD v.6
100 _a郭衣洞
245 _a天涯故事
_c
250 _a再版
260 _a
_b星光出版社
_c1982
300 _b
490 _a郭衣洞小说全集. 6
650 _a短篇小说--别集
942 _cBK
_o857.63 GYD v.6
999 _c201
_d191